banner-ar

JUNG AND EASTERN THOUGHT: A DIALOGUE WITH THE ORIENT / (Record no. 24664)

MARC details
000 -الفاتح
حقل البيانات ثابتة الطول 00505nam a2200193Ia 4500
008 - عناصر البيانات ثابتة الطول - معلومات عامة
حقل البيانات ثابتة الطول 140319s9999 xx 000 0 eng d
040 ## - مصدر الفهرسة
وكالة الفهرسة الأصلية GCL /
وكالة النسخ GCL
082 04 - رقم تصنيف ديوى العشرى
رقم التصنيف 150.19
رقم المادة C J
100 1# - المدخل الرئيسى - إسم شخصى
الإسم الشخصى CLORKE, J.J.
245 10 - بيان العنوان
العنوان JUNG AND EASTERN THOUGHT: A DIALOGUE WITH THE ORIENT /
بيان المسئوليه,etc CLORKE, J.J.
260 ## - PUBLICATION, DISTRIBUTION, ETC. (IMPRINT)
تاريخ النشر أو التوزيع 1994
300 ## - الوصف المادى
التعداد 217 P
650 04 - المدخل الاضافى بالموضوع-مصطلح موضوعى
مصطلح موضوعي RELIGION
650 04 - المدخل الاضافى بالموضوع-مصطلح موضوعى
مصطلح موضوعي PSYCHOANALYSIS - HISTORY
650 04 - المدخل الاضافى بالموضوع-مصطلح موضوعى
مصطلح موضوعي PHILOSOPHY
650 04 - المدخل الاضافى بالموضوع-مصطلح موضوعى
مصطلح موضوعي JUGGLING
942 ## - عناصر المدخل الإضافي( كوها)
مصدر التصنيف او مخطط الترفيف Dewey Decimal Classification
Koha [default] item type كتاب
260 ## - PUBLICATION, DISTRIBUTION, ETC. (IMPRINT)
-- [S.N] :
-- ROUTLEDGE ،
Holdings
حالة التراجع حالة الفقد حالة تلف ليس للاعارة المكان المؤقت الموقع الحالى تاريخ الاكتساب اجمالي اﻻعارات رقم الطلب الباركود تاريخ اخر مشاهدة تاريخ تفعيل السعر نوع وعاء كوها
        مكتبة القاهرة الكبرى مكتبة القاهرة الكبرى 03/26/2014   150.19\C J 43712 03/26/2014 03/26/2014 كتاب
        مكتبة القاهرة الكبرى مكتبة القاهرة الكبرى 03/26/2014   150.19\C J 43713 03/26/2014 03/26/2014 كتاب
        مكتبة القاهرة الكبرى مكتبة القاهرة الكبرى 03/26/2014   150.19\C J 43714 03/26/2014 03/26/2014 كتاب

Powered By

EGPV